000 00633nam a22002057a 4500
999 _c174298
_d174298
005 20201218144630.0
010 _aENG-128168
020 _c400.00
_a9789353228477
035 _aEN-111700
037 _bDBAD/PUB
082 _a305.90691
245 _aDiaspora and Nation Building: torchbearer of the Master-Disciple relationship
_cedited by Ruchi Verma
260 _aNew Delhi
_bPrabhat Prakashan
_c2019
270 _a4/19 Asaf Ali Road
_bNew Delhi
_e110002
300 _a160p.
_c23cm(hb)
700 _aPandey,Nutan
700 _aNarayan Kumar
700 _aMudgal,Anup K.
942 _2ddc
_cEN
_h305.90691
_mDIA